| 000 | 01110nam a22003257a 4500 | ||
|---|---|---|---|
| 003 | CHAP | ||
| 005 | 20220329140303.0 | ||
| 008 | 971013s1965 r 00010 d | ||
| 010 | _a49789 | ||
| 011 | _a50761 | ||
| 035 | _a54911 | ||
| 040 | _cCHAP | ||
| 090 | _aFolleto 1062 | ||
| 100 | 0 | 0 |
_aRocha García, Germán de la. _998178 |
| 245 | _aCultivos de la chirimoya y resutados experimentales alcanzados | ||
| 260 |
_aLima : _bInstituto de Reforma y Promoción Agraria. División de Experimentación, _c1965 |
||
| 300 |
_a23 p. _b: ilus. |
||
| 490 |
_aBoletín técnico _v; 59 |
||
| 590 |
_aBATCH-UPD _b10 _c20130110 _lUCH01 _h0816 |
||
| 590 |
_aBATCH-UPD _b10 _c20130410 _lUCH01 _h0453 |
||
| 590 |
_aBATCH-UPD _b10 _c20130914 _lUCH01 _h0654 |
||
| 590 |
_aCONVERSION _b10 _c20130109 _lUCH01 _h1327 |
||
| 650 | 1 | 4 |
_aChirimoya. _922608 |
| 830 | 0 |
_aBoletín técnico _v; 59 _913560 |
|
| 901 | _aBK | ||
| 942 | _cFOLL | ||
| 949 |
_aFolleto 1062 _bBC _cFOLL _d-120850 _eTS1 _i54911 _si |
||
| 949 |
_aFolleto 1062 _bBC _cFOLL _d-120851 _eTS2 _fc.2 _i54911 _si |
||
| 949 |
_aFolleto 1062 _bBC _cFOLL _d-120852 _eTS2 _fc.3 _i54911 _si |
||
| 999 |
_c49789 _d49789 |
||